Treasures of the Great National Galleries (Record no. 7976)

MARC details
000 -CABECERA
campo de control de longitud fija 00752nam a2200229 a 4500
001 - NÚMERO DE CONTROL
campo de control BRCA_8308
005 - FECHA Y HORA DE LA ÚLTIMA TRANSACCIÓN
campo de control 20190320210224.0
008 - DATOS DE LONGITUD FIJA--INFORMACIÓN GENERAL
campo de control de longitud fija 230614s1954----nyua###f##---#001-0#eng-#
041 ## - CÓDIGO DE LENGUA
Código de lengua del texto/banda sonora o título independiente eng
044 ## - CÓDIGO DEL PAÍS DE LA ENTIDAD EDITORA/PRODUCTORA
Código MARC del país nyu
050 #4 - SIGNATURA TOPOGRÁFICA DE LA BIBLIOTECA DEL CONGRESO
Número de clasificación N410
Número de documento/Ítem .T5 1954
245 10 - MENCIÓN DE TÍTULO
Título Treasures of the Great National Galleries
Mención de responsabilidad, etc. an introduction to the paints by Hans Tietze.
260 ## - PUBLICACIÓN, DISTRIBUCIÓN, ETC.
Lugar de publicación, distribución, etc. Nueva York
Nombre del editor, distribuidor, etc. Phaidon
Fecha de publicación, distribución, etc. 1954
300 ## - DESCRIPCIÓN FÍSICA
Extensión 424 p.
Otras características físicas il. (algunas a color), 300 láminas
Dimensiones 27 cm.
500 ## - NOTA GENERAL
Nota general Incluye nota bibliográfica e índice de ilustraciones
500 ## - NOTA GENERAL
Nota general S134
650 14 - PUNTO DE ACCESO ADICIONAL DE MATERIA--TÉRMINO DE MATERIA
Término de materia o nombre geográfico como elemento de entrada Arte en museos
Subdivisión de forma Coleccionistas y colecciones
9 (RLIN) 20741
650 14 - PUNTO DE ACCESO ADICIONAL DE MATERIA--TÉRMINO DE MATERIA
Término de materia o nombre geográfico como elemento de entrada Galerías y museos
Subdivisión de forma Tesoros artísticos
9 (RLIN) 20742
700 1# - PUNTO DE ACCESO ADICIONAL--NOMBRE DE PERSONA
Nombre de persona Tietze, Hans
Término indicativo de función/relación intr.
9 (RLIN) 13804
902 ## - CATALOGADOR
Iniciales GFM
942 ## - ELEMENTOS DE PUNTO DE ACCESO ADICIONAL (KOHA)
Fuente del sistema de clasificación o colocación Library of Congress Classification
Tipo de ítem Koha Libros
Holdings
Estado de retiro Estado de pérdida Estado dañado No para préstamo Localización permanente Ubicación/localización actual Fecha de adquisición Número de inventario Total de préstamos Signatura topográfica completa Código de barras Fecha visto por última vez Precio válido a partir de Tipo de ítem Koha
El ejemplar forma parte de la colección y puede ser consultado según las políticas vigentes.       Biblioteca del Museo Franz Mayer (Rogerio Casas-Alatriste) Biblioteca del Museo Franz Mayer (Rogerio Casas-Alatriste) 23/06/2014 S134   N410 .T5 1954 (S134) 8932 22/03/2019 22/03/2019 Libros